| 000 | 00779nam a2200181 i 4500 | ||
|---|---|---|---|
| 001 | 169981 | ||
| 003 | ES-MaACL | ||
| 005 | 20230906214247.0 | ||
| 008 | 090107s1877 sp |||| | spa d | ||
| 110 | 2 |
_aBalneario de Urberuaga de Ubilla. _9139163 |
|
| 245 | 1 | 0 | _aReglamento interior para el buen orden y gobierno del establecimiento de baños y aguas minero-medicinales de Urberuaga de Ubilla (Merindad de Marquina, Vizcaya). |
| 260 |
_aBilbao : _b[s.n.], _c1877 ( _fJuan E. Delmas) |
||
| 300 |
_a20 p. ; _c20 cm. |
||
| 650 | 2 |
_aBalneario de Urberuaga de Ubilla. _9224905 |
|
| 852 |
_aES-MaACL _jT-370-F-12 _z.- Dedicatoria manuscrita: A la Biblioteca de "Los Escolares Médicos", el socio fundador Gustavo Saenz Diez |
||
| 852 |
_aES-MaACL _jT-684-F-2 |
||
| 999 |
_c169981 _d169981 |
||